00758nam a2200181 a 4500001001500000005001700015008004100032020002700073020003000100100001900130245004200149260003900191300002900230856008200259999001500341952011000356952011000466ASIN812192201120140625041815.0140625s2010 xxu eng d a8121922011 (paperback) a9788121922012 (paperback)1 aSajan, Mathew.10aSoftware engineering /cMathew Sajan. a[S.l.] :bS Chand & Co Ltd,c2010. a1 v. (unpaged) ;c24 cm.403Amazon.comuhttp://www.amazon.com/exec/obidos/ASIN/8121922011/chopaconline-20 c7565d7565 00104070aQUESTCLbQUESTCLd2014-06-25g284.00l0o005.1MATp31769r2014-06-25 00:00:00w2014-06-25yBK 00104070aQUESTCLbQUESTCLd2014-06-25g284.00l0o005.1MATp31770r2014-06-25 00:00:00w2014-06-25yBK